| 000 | 01464nam a2200265 a 4500 | ||
|---|---|---|---|
| 001 | 16311014 | ||
| 008 | 120615s2011 ||||||||||||||||| || u | ||
| 010 | _a2010027829 | ||
| 020 | _a9780754677659 (hardback : alk. paper) | ||
| 020 | _a0754677656 (hardback : alk. paper) | ||
| 050 | _aNA 2543.R37 Nob | ||
| 100 | _aNoble, Jonathan Alfred | ||
| 245 | 1 | 0 |
_aAfrican identity in post-apartheid public architecture : white skin, black masks _cby Jonathan Alfred Noble. |
| 260 |
_aFarnham: _bAshgate Pub _c2011 |
||
| 300 | _axviii, 293p.: ill. | ||
| 350 | _a0.00 | ||
| 490 | _aAshgate studies in architecture series | ||
| 500 | _aIncludes bibliographical references and index. | ||
| 505 | _aImagination and identification, part 1: the Mpumalanga Legislature, Nelspruit -- Imagination and identification, part 1: the Northern Cape Legislature, Kimberly -- "We the people", part 1: the Constitutional Court of South Africa, at Constitution Hill, Johannesburg -- "We the people", part 2: the Walter Sisulu Square of Dedication, Kliptown -- Honouring our other "we": Freedom Park, Pretoria. | ||
| 650 | 0 | _aPUBLIC BUILDINGS-- SOUTH AFRICA | |
| 650 | 0 | _aPUBLIC ARCHITECTURE -- SOUTH AFRICA | |
| 650 | 0 | _aARCHITECTURE AND RACE--SOUTH AFRICA | |
| 650 | 0 | _aARCHITECTURE AND SOCIETY--SOUTH AFRICA | |
| 995 |
_FCBU-MAIN LIBRARY (Kitwe) _I0.00 _M1 _UAVAILABLE _WJun 15, 2012 _ZMain Library Open Access Collection |
||
| 999 |
_c33757 _d33757 |
||